000 00300nam a22001337a 4500
008 170919b xxu||||| |||| 00| 0 eng d
020 _a01550178313
041 _aeng
080 _28 ED
_a7
100 _a44
101 _aART
245 _aART THROUGH THE AGES
_cTANSEY.R.G
942 _2udc
_cBK
999 _c28151
_d28151